<?xml version="1.0" encoding="UTF-8"?>
<record
    xmlns:xsi="http://www.w3.org/2001/XMLSchema-instance"
    xsi:schemaLocation="http://www.loc.gov/MARC21/slim http://www.loc.gov/standards/marcxml/schema/MARC21slim.xsd"
    xmlns="http://www.loc.gov/MARC21/slim">

  <leader>03704nam a2200337 i 4500</leader>
  <controlfield tag="001">000047539</controlfield>
  <controlfield tag="003">DO-SdBNP</controlfield>
  <controlfield tag="005">20251009130555.0</controlfield>
  <controlfield tag="008">091202s  2012    dr      r   000 0 spa d</controlfield>
  <datafield tag="020" ind1=" " ind2=" ">
    <subfield code="a">9789945443783</subfield>
  </datafield>
  <datafield tag="040" ind1=" " ind2=" ">
    <subfield code="a">DO-SdBNP</subfield>
    <subfield code="b">spa</subfield>
    <subfield code="c">BNPHU</subfield>
    <subfield code="e">rda</subfield>
  </datafield>
  <datafield tag="082" ind1=" " ind2="4">
    <subfield code="a">RD864.42</subfield>
    <subfield code="b">H519a 2012</subfield>
    <subfield code="2">22</subfield>
  </datafield>
  <datafield tag="100" ind1="1" ind2=" ">
    <subfield code="a">Henr&#xED;quez Ure&#xF1;a, Pedro,</subfield>
    <subfield code="d">1884-1946   </subfield>
    <subfield code="e">autor</subfield>
    <subfield code="4">aut.</subfield>
    <subfield code="9">1718</subfield>
  </datafield>
  <datafield tag="245" ind1="1" ind2="0">
    <subfield code="a">Antolog&#xED;a m&#xED;nima /</subfield>
    <subfield code="c">Pr&#xF3;logo, selecci&#xF3;n y ap&#xE9;ndices, Jos&#xE9; Alc&#xE1;ntara Alm&#xE1;nzar.</subfield>
  </datafield>
  <datafield tag="260" ind1=" " ind2=" ">
    <subfield code="a">Santo Domingo :</subfield>
    <subfield code="b">Banco Central de la Rep&#xFA;blica Dominicana,</subfield>
    <subfield code="c">2012.</subfield>
  </datafield>
  <datafield tag="300" ind1=" " ind2=" ">
    <subfield code="a">391 p. ;</subfield>
    <subfield code="c">24 cm.</subfield>
  </datafield>
  <datafield tag="490" ind1=" " ind2=" ">
    <subfield code="a">Banco Central de la Rep&#xFA;blica Dominicana;</subfield>
    <subfield code="v">65</subfield>
  </datafield>
  <datafield tag="490" ind1=" " ind2=" ">
    <subfield code="a">Arte y literatura;</subfield>
    <subfield code="v">25</subfield>
  </datafield>
  <datafield tag="505" ind1="2" ind2=" ">
    <subfield code="a">Pr&#xF3;logo /</subfield>
    <subfield code="r">Jos&#xE9; Alc&#xE1;ntara Alm&#xE1;nzar --</subfield>
    <subfield code="t">Ensayos cr&#xED;ticos (1905) --</subfield>
    <subfield code="t">Ariel --</subfield>
    <subfield code="t">Sociolog&#xED;a --</subfield>
    <subfield code="t">Estudio de Lluria sobre la naturaleza y el problema social --</subfield>
    <subfield code="g">Horas de estudio (1910) --</subfield>
    <subfield code="t">La sociolog&#xED;a de Hostos --</subfield>
    <subfield code="t">Rub&#xE9;n Dario --</subfield>
    <subfield code="t">La Catedral --</subfield>
    <subfield code="t">Vida intelectual en Santo Domingo --</subfield>
    <subfield code="t">Literatura hist&#xF3;rica --</subfield>
    <subfield code="t">Jos&#xE9; Joaqu&#xED;n P&#xE9;rez --</subfield>
    <subfield code="t">Gast&#xF3;n F. Deligne --</subfield>
    <subfield code="g">En la orilla. Mi Espa&#xF1;a (1922) --</subfield>
    <subfield code="t">El esp&#xED;ritu y las m&#xE1;quinas --</subfield>
    <subfield code="t">Goyescas --</subfield>
    <subfield code="t">La obra de Juan Ram&#xF3;n Jim&#xE9;nez --</subfield>
    <subfield code="t">Los valores literarios --</subfield>
    <subfield code="t">Los cl&#xE1;sicos espa&#xF1;oles --</subfield>
    <subfield code="t">Azor&#xED;n y Men&#xE9;ndez Pelayo --</subfield>
    <subfield code="t">El criterio acad&#xE9;mico --</subfield>
    <subfield code="t">La verdadera labor de Men&#xE9;ndez Pelayo --</subfield>
    <subfield code="t">Antiguos y modernos --</subfield>
    <subfield code="t">Azor&#xED;n renovador --</subfield>
    <subfield code="t">Las antolog&#xED;as de prosistas --</subfield>
    <subfield code="t">La antolog&#xED;a de Men&#xE9;ndez Pidal --</subfield>
    <subfield code="t">La prosa castellana --</subfield>
  </datafield>
  <datafield tag="505" ind1="2" ind2=" ">
    <subfield code="g">Seis ensayos en busca de nuestra expresi&#xF3;n (1928) -- -</subfield>
    <subfield code="t">El descontento y la promesa --</subfield>
    <subfield code="t">Tradici&#xF3;n y rebeli&#xF3;n --</subfield>
    <subfield code="t">El problema del idioma --</subfield>
    <subfield code="t">Las f&#xF3;rmulas del americanismo --</subfield>
    <subfield code="t">El af&#xE1;n europeizante --</subfield>
    <subfield code="t">La energ&#xED;a nativa --</subfield>
    <subfield code="t">El ansia de perfecci&#xF3;n --</subfield>
    <subfield code="t">El futuro --</subfield>
    <subfield code="g">Caminos de nuestra historia literaria --</subfield>
    <subfield code="t">Las tablas de valores --</subfield>
    <subfield code="t">Nacionalismos --</subfield>
    <subfield code="t">Am&#xE9;rica y la exuberancia --</subfield>
    <subfield code="t">Am&#xE9;rica buena y Am&#xE9;rica mala --</subfield>
    <subfield code="t">Am&#xE9;rica buena y Am&#xE9;rica mala --</subfield>
    <subfield code="g">Hacia el nuevo teatro --</subfield>
    <subfield code="t">La historia del escenario --</subfield>
    <subfield code="t">El odiado siglo XIX--</subfield>
    <subfield code="t">Para qu&#xE9; que sirve el realismo? --</subfield>
    <subfield code="t">La soluci&#xF3;n art&#xED;stica --</subfield>
    <subfield code="t">Las troyanas --</subfield>
    <subfield code="t">Soluci&#xF3;n radical --</subfield>
    <subfield code="t">La mejor soluci&#xF3;n --</subfield>
    <subfield code="t">En Espa&#xF1;a --</subfield>
    <subfield code="t">En nuestra Am&#xE9;rica --</subfield>
    <subfield code="t">Alfonso Reyes --</subfield>
    <subfield code="t">Veinte a&#xF1;os de literatura en los Estados Unidos --</subfield>
    <subfield code="g">Plenitud de Espa&#xF1;a. Estudios de historia de la cultura (1940-1945) --</subfield>
    <subfield code="t">Espa&#xF1;a en la cultura moderna --</subfield>
    <subfield code="t">Lope de Vega --</subfield>
    <subfield code="t">Tradici&#xF3;n e innovaci&#xF3;n --</subfield>
    <subfield code="t">Esplendor, eclipse y resurgimiento --</subfield>
    <subfield code="t">La celestina --</subfield>
    <subfield code="t">Las novelas ejemplares -</subfield>
    <subfield code="t">Tirso de Molina --</subfield>
    <subfield code="t">Calder&#xF3;n --</subfield>
    <subfield code="t">G&#xF3;ngora --</subfield>
    <subfield code="g">Art&#xED;culos y conferencias --</subfield>
    <subfield code="t">La cultura de las humanidades --</subfield>
    <subfield code="t">La influencia de la revoluc&#xF3;in en la vida intelectual en M&#xE9;xico --</subfield>
    <subfield code="t">Enriquillo --</subfield>
    <subfield code="t">Ciudadano de Am&#xE9;rica --</subfield>
    <subfield code="t">Don Ram&#xF3;n del Valle Incl&#xE1;n --</subfield>
    <subfield code="t">El amigo de Am&#xE9;rica --</subfield>
    <subfield code="t">Purificaciones --</subfield>
    <subfield code="t">Ascensi&#xF3;n --</subfield>
    <subfield code="t">Saber y conversaci&#xF3;n --</subfield>
    <subfield code="t">Notas bibliogr&#xE1;ficas --</subfield>
    <subfield code="g">Ap&#xE9;ndice I --</subfield>
    <subfield code="t">Pedro Henr&#xED;quez Ure&#xF1;a ante la cultura y las letras dominicanas --</subfield>
    <subfield code="g">Ap&#xE9;ndice II --</subfield>
    <subfield code="t">Aspectos sociol&#xF3;gicos en la obra de Pedro Henr&#xED;quez Ure&#xF1;a --</subfield>
    <subfield code="t">Notas de ap&#xE9;ndices --</subfield>
    <subfield code="t">Notas bio-bibliogr&#xE1;ficas --</subfield>
    <subfield code="t">Pedro Henr&#xED;quez Ure&#xF1;a --</subfield>
    <subfield code="t">Jos&#xE9; Alc&#xE1;ntara Alm&#xE1;nzar.</subfield>
  </datafield>
  <datafield tag="590" ind1=" " ind2=" ">
    <subfield code="a">Inventariado, 2018/VM</subfield>
  </datafield>
  <datafield tag="600" ind1="1" ind2="0">
    <subfield code="a">Henr&#xED;quez Ure&#xF1;a, Pedro,</subfield>
    <subfield code="d">1884-1946   </subfield>
    <subfield code="x">Colecciones de escritos</subfield>
    <subfield code="9">1718</subfield>
  </datafield>
  <datafield tag="600" ind1="1" ind2="0">
    <subfield code="a">Henr&#xED;quez Ure&#xF1;a, Pedro,</subfield>
    <subfield code="d">1884-1946   </subfield>
    <subfield code="9">1718</subfield>
  </datafield>
  <datafield tag="650" ind1=" " ind2="4">
    <subfield code="a">Literatura dominicana.</subfield>
    <subfield code="9">67</subfield>
  </datafield>
  <datafield tag="650" ind1=" " ind2="0">
    <subfield code="a">Antolog&#xED;a literaria </subfield>
    <subfield code="9">20495</subfield>
  </datafield>
  <datafield tag="650" ind1="1" ind2="4">
    <subfield code="a">Ensayos dominicanos</subfield>
    <subfield code="9">65</subfield>
  </datafield>
  <datafield tag="700" ind1="1" ind2="2">
    <subfield code="a">Alc&#xE1;ntara Alm&#xE1;nzar, Jos&#xE9;,</subfield>
    <subfield code="d">1946-</subfield>
    <subfield code="e">prologuista</subfield>
    <subfield code="4">pr.</subfield>
    <subfield code="9">7018</subfield>
  </datafield>
  <datafield tag="830" ind1=" " ind2="0">
    <subfield code="a">Banco Central de la Rep&#xFA;blica Dominicana.</subfield>
    <subfield code="v">65</subfield>
    <subfield code="p">Arte y literatura</subfield>
    <subfield code="n">25</subfield>
    <subfield code="9">75153</subfield>
  </datafield>
  <datafield tag="910" ind1=" " ind2=" ">
    <subfield code="a">Validado. Control de calidad MFF</subfield>
  </datafield>
  <datafield tag="942" ind1=" " ind2=" ">
    <subfield code="2">ddc</subfield>
    <subfield code="c">LBS1</subfield>
  </datafield>
  <datafield tag="952" ind1=" " ind2=" ">
    <subfield code="0">0</subfield>
    <subfield code="1">0</subfield>
    <subfield code="2">ddc</subfield>
    <subfield code="5">6</subfield>
    <subfield code="7">0</subfield>
    <subfield code="8">DS</subfield>
    <subfield code="a">BNPHU</subfield>
    <subfield code="b">BNPHU</subfield>
    <subfield code="c">HD</subfield>
    <subfield code="d">2019-05-22</subfield>
    <subfield code="l">0</subfield>
    <subfield code="o">BNPHU DS RD864.42 H519a 2012</subfield>
    <subfield code="p">47539-30</subfield>
    <subfield code="r">2020-06-25</subfield>
    <subfield code="t">e.3</subfield>
    <subfield code="w">2020-06-25</subfield>
    <subfield code="y">LBS1</subfield>
  </datafield>
  <datafield tag="952" ind1=" " ind2=" ">
    <subfield code="0">0</subfield>
    <subfield code="1">0</subfield>
    <subfield code="2">ddc</subfield>
    <subfield code="5">6</subfield>
    <subfield code="7">0</subfield>
    <subfield code="8">DS</subfield>
    <subfield code="a">BNPHU</subfield>
    <subfield code="b">BNPHU</subfield>
    <subfield code="c">HD</subfield>
    <subfield code="d">2019-05-22</subfield>
    <subfield code="e">Dom&#xED;nico Americano </subfield>
    <subfield code="l">0</subfield>
    <subfield code="o">BNPHU DS RD864.42 H519a 2012</subfield>
    <subfield code="p">47539-40</subfield>
    <subfield code="r">2020-06-25</subfield>
    <subfield code="t">e.4</subfield>
    <subfield code="w">2020-06-25</subfield>
    <subfield code="y">LBS1</subfield>
  </datafield>
  <datafield tag="952" ind1=" " ind2=" ">
    <subfield code="0">0</subfield>
    <subfield code="1">0</subfield>
    <subfield code="2">ddc</subfield>
    <subfield code="5">3</subfield>
    <subfield code="7">0</subfield>
    <subfield code="8">PD</subfield>
    <subfield code="a">BNPHU</subfield>
    <subfield code="b">BNPHU</subfield>
    <subfield code="c">HD</subfield>
    <subfield code="d">2018-06-26</subfield>
    <subfield code="l">0</subfield>
    <subfield code="o">BNPHU PD RD864.42 H519a 2012</subfield>
    <subfield code="p">47539-10</subfield>
    <subfield code="r">2020-06-25</subfield>
    <subfield code="w">2020-06-25</subfield>
    <subfield code="y">LBS1</subfield>
  </datafield>
  <datafield tag="952" ind1=" " ind2=" ">
    <subfield code="0">0</subfield>
    <subfield code="1">0</subfield>
    <subfield code="2">ddc</subfield>
    <subfield code="5">3</subfield>
    <subfield code="7">0</subfield>
    <subfield code="8">PD</subfield>
    <subfield code="a">BNPHU</subfield>
    <subfield code="b">BNPHU</subfield>
    <subfield code="c">HD</subfield>
    <subfield code="d">2019-05-22</subfield>
    <subfield code="l">0</subfield>
    <subfield code="o">BNPHU PD RD864.42 H519a 2012</subfield>
    <subfield code="p">47539-20</subfield>
    <subfield code="r">2020-06-25</subfield>
    <subfield code="t">e.2</subfield>
    <subfield code="w">2020-06-25</subfield>
    <subfield code="y">LBS1</subfield>
  </datafield>
  <datafield tag="952" ind1=" " ind2=" ">
    <subfield code="0">0</subfield>
    <subfield code="1">0</subfield>
    <subfield code="2">ddc</subfield>
    <subfield code="5">6</subfield>
    <subfield code="7">0</subfield>
    <subfield code="8">DS</subfield>
    <subfield code="a">BNPHU</subfield>
    <subfield code="b">BNPHU</subfield>
    <subfield code="c">HD</subfield>
    <subfield code="d">2021-09-17</subfield>
    <subfield code="e">Compra</subfield>
    <subfield code="l">0</subfield>
    <subfield code="o">BNPHU DS RD864.42 H519a 2012</subfield>
    <subfield code="p">2021-26753</subfield>
    <subfield code="r">2021-09-17</subfield>
    <subfield code="t">e. 5</subfield>
    <subfield code="w">2021-09-17</subfield>
    <subfield code="y">LBS1</subfield>
  </datafield>
  <datafield tag="999" ind1=" " ind2=" ">
    <subfield code="c">47027</subfield>
    <subfield code="d">47027</subfield>
  </datafield>
</record>
